00716nam a2200217 a 450000100100000000500170001000800410002702000180006804000250008608200210011110000440013224500990017626000390027530000270031449000200034165000240036165000270038570000320041270000340044483000200047800000523320250219074027.0090818s2008 dr a r 000 0 spa d a9789945068450 aDO-SdBNPbspacBNPHU aRD863.44bG216ca1 aGarcía Castro, Néstor Julio,d1944-13aLa cabeza /cNéstor Julio García Castro ; edición Isael Pérez, Enrique García Jorge. aSanto Domingo :bSantuario,c2008. a86 p. :bil. ;c21 cm.1 aSantuario ;v18 0aCuentos dominicanos 0aLiteratura dominicana.1 aPérez, Isael,d1961-eed.1 aGarcía Jorge, Enrique,eed. 0aSantuario ;n18